[Event "EU-ch Hybrid U14 Girls"]
[Site "Tornelo INT"]
[Date "2021.10.15"]
[Round "2"]
[White "Gvatua, Mariam"]
[Black "Gurgenidze, Aleksandra"]
[Result "1/2-1/2"]
[WhiteElo "1407"]
[BlackElo "1483"]
[PlyCount "125"]
[EventDate "2021.10.15"]
[EventType "swiss"]
[EventRounds "9"]
[EventCountry "NET"]
[SourceTitle "EXT 2023"]
[Source "ChessBase"]
[SourceDate "2022.10.05"]
[SourceVersion "1"]
[SourceVersionDate "2022.10.05"]
[SourceQuality "1"]
[WhiteTeam "Georgia"]
[BlackTeam "Russia"]
[WhiteTeamCountry "GEO"]
[BlackTeamCountry "RUS"]

1. d4 Nf6 2. Nc3 d5 3. Bg5 Nbd7 4. Nf3 e6 5. e4 dxe4 6. Nxe4 Be7 7. Bxf6 Nxf6 8. Bd3 0-0 9. 0-0 Nd5 10. c3 b6 11. Ng3 Nf6 12. Ne5 Bb7 13. Re1 c5 14. dxc5 Bxc5 15. Bb5 Qc7 16. Nd7 Nxd7 17. Qxd7 Qxd7 18. Bxd7 Rfd8 19. Rad1 Bd5 20. Ba4 Bxa2 21. Bc6 Rac8 22. Bd7 Rc7 23. Bb5 Rcc8 24. Ra1 Bb3 25. Rxa7 Rd2 26. Ne4 Rxb2 27. Nxc5 bxc5 28. Ba6 Rb8 29. Rc7 Ra2 30. Bf1 c4 31. Bxc4 Bxc4 32. Rxc4 Rc2 33. g3 g6 34. Re3 Rb1+ 35. Kg2 Rbb2 36. Rf3 f5 37. Rc5 Re2 38. Rc8+ Kg7 39. Rc7+ Kh6 40. Rc6 Rbc2 41. c4 Kg5 42. h4+ Kf6 43. Rc8 h6 44. c5 Re5 45. Rd3 Rexc5 46. Rf8+ Kg7 47. Rdd8 Rb5 48. Rg8+ Kf6 49. Rdf8+ Ke5 50. Rxg6 Rbb2 51. Re8 Rxf2+ 52. Kg1 Rg2+ 53. Kf1 Rbf2+ 54. Ke1 Re2+ 55. Kf1 Kd5 56. Rxh6 Ref2+ 57. Ke1 Ra2 58. Kf1 Rxg3 59. Rhxe6 Rh3 60. Re5+ Kd4 61. Kg1 Rxh4 62. Rxf5 Rg4+ 63. Kf1 1/2-1/2

[Event "EU-ch Amateur Online Final 2000/2300"]
[Site "Tornelo INT"]
[Date "2021.04.28"]
[Round "4"]
[White "Gurgenidze, Aleksandra"]
[Black "Lagaras, Stylianos"]
[Result "1/2-1/2"]
[WhiteElo "1342"]
[BlackElo "1865"]
[PlyCount "115"]
[EventDate "2021.04.28"]
[EventType "swiss (rapid)"]
[EventRounds "9"]
[EventCountry "NET"]
[SourceTitle "EXT 2023"]
[Source "ChessBase"]
[SourceDate "2022.10.05"]
[SourceVersion "1"]
[SourceVersionDate "2022.10.05"]
[SourceQuality "1"]

1. d4 Nf6 2. c4 e6 3. Nc3 Bb4 4. Nf3 0-0 5. e3 c5 6. d5 b6 7. Be2 Bb7 8. d6 Ne4 9. Qd3 Qf6 10. Bd2 Nxd2 11. Qxd2 Bxc3 12. bxc3 Nc6 13. 0-0 Rfe8 14. Rfd1 Na5 15. Qd3 e5 16. e4 Re6 17. Rac1 Rc8 18. Rd2 Rc6 19. Rcd1 Ba6 20. Qd5 Nb7 21. Qd3 Rcxd6 22. Qe3 h6 23. Rxd6 Rxd6 24. Rxd6 Qxd6 25. h3 Na5 26. Nh4 Bxc4 27. Nf5 Qe6 28. Qg3 Qf6 29. Bxc4 Nxc4 30. Qd3 Qe6 31. Qg3 g6 32. Nxh6+ Kf8 33. Qh4 Qe7 34. Qg3 Nd6 35. Qf3 Ne8 36. Ng4 d6 37. Qe3 Nf6 38. Qh6+ Kg8 39. Qg5 Kg7 40. Qh6+ Kg8 41. Qg5 Nd5 42. Nh6+ Kh7 43. Qd2 Nf4 44. Ng4 f5 45. exf5 gxf5 46. Ne3 Qf6 47. Qc2 e4 48. Qd2 Qxc3 49. Qxd6 Ne2+ 50. Kh2 Qe1 51. Qe7+ Kg8 52. Qe6+ Kh8 53. Qf6+ Kg8 54. Qg6+ Kh8 55. Qh6+ Kg8 56. Qg6+ Kh8 57. Qf6+ Kg8 58. Qg6+ 1/2-1/2

[Event "Kaspersky op U16"]
[Site "Tornelo INT"]
[Date "2021.04.02"]
[Round "5"]
[White "Gurgenidze, Aleksandra"]
[Black "Kruk, Leanid"]
[Result "0-1"]
[WhiteElo "1342"]
[BlackElo "1078"]
[PlyCount "54"]
[EventDate "2021.04.02"]
[EventType "swiss (blitz)"]
[EventRounds "11"]
[EventCountry "RUS"]
[SourceTitle "CBM 201 Extra"]
[Source "ChessBase"]
[SourceDate "2021.05.31"]
[SourceVersion "1"]
[SourceVersionDate "2021.05.31"]
[SourceQuality "1"]

1. d4 d5 2. c4 c6 3. Nf3 Nf6 4. Nc3 Bf5 5. Bg5 e6 6. e3 Be7 7. Be2 h6 8. Bf4 Bd6 9. Bxd6 Qxd6 10. c5 Qc7 11. 0-0 0-0 12. Ne5 Nbd7 13. f4 Ne4 14. g4 Nxc3 15. bxc3 Be4 16. f5 Nxe5 17. dxe5 Qxe5 18. fxe6 Qxe6 19. Bf3 Bxf3 20. Qxf3 Rae8 21. Rae1 Qe4 22. Qxe4 Rxe4 23. Rf4 Rfe8 24. Ref1 f6 25. Kf2 Rxe3 26. Rf3 Re2+ 27. Kg3 Rxa2 0-1

[Event "Moscow Time of the First U13 Girls"]
[Site "Moscow"]
[Date "2019.06.20"]
[Round "5"]
[White "Gurgenidze, Aleksandra"]
[Black "Valentinova, Irina"]
[Result "1-0"]
[WhiteElo "1367"]
[BlackElo "1127"]
[PlyCount "97"]
[EventDate "2019.06.17"]
[EventType "swiss"]
[EventRounds "9"]
[EventCountry "RUS"]
[SourceTitle "EXT 2021"]
[Source "ChessBase"]
[SourceDate "2020.10.23"]
[SourceVersion "1"]
[SourceVersionDate "2020.10.23"]
[SourceQuality "1"]

1. d4 d5 2. Nf3 Nf6 3. Bf4 e6 4. e3 c5 5. c3 cxd4 6. exd4 Nc6 7. Bd3 h6 8. 0-0 Bd6 9. Bxd6 Qxd6 10. Nbd2 0-0 11. Re1 Ne7 12. Qc2 Nf5 13. Bxf5 exf5 14. Re5 Be6 15. Nh4 Ng4 16. Nxf5 Bxf5 17. Qxf5 Nxe5 18. dxe5 Qe6 19. Qf4 f6 20. exf6 Rxf6 21. Qd4 a6 22. b4 b5 23. Rd1 Re8 24. Nf3 Rf5 25. h3 Qc8 26. Qd3 Ref8 27. Nh4 Rg5 28. Ng6 Rxg6 29. Qxg6 Qxc3 30. Qe6+ Kh8 31. Qe7 Kg8 32. Qd6 Qc2 33. Qxd5+ Kh8 34. Qd2 Qc4 35. Rc1 Qe6 36. Rd1 Qc4 37. a3 Qb3 38. Qd3 Qb2 39. Rd2 Qa1+ 40. Rd1 Qb2 41. f3 Qa2 42. Qd6 Rf6 43. Qb8+ Kh7 44. Rd8 Qxa3 45. Rh8+ Kg6 46. Qe8+ Kg5 47. h4+ Kxh4 48. Qe4+ Kg5 49. Qg4# 1-0

[Event "Moscow Time of the First U13 Girls"]
[Site "Moscow"]
[Date "2019.06.19"]
[Round "4"]
[White "Zheleznaya, Anastasia"]
[Black "Gurgenidze, Aleksandra"]
[Result "1/2-1/2"]
[WhiteElo "1111"]
[BlackElo "1367"]
[PlyCount "98"]
[EventDate "2019.06.17"]
[EventType "swiss"]
[EventRounds "9"]
[EventCountry "RUS"]
[SourceTitle "EXT 2021"]
[Source "ChessBase"]
[SourceDate "2020.10.23"]
[SourceVersion "1"]
[SourceVersionDate "2020.10.23"]
[SourceQuality "1"]

1. e4 Nf6 2. Nc3 d5 3. exd5 Nxd5 4. d4 Bf5 5. Bd3 Bxd3 6. Qxd3 Nb4 7. Qd1 Qxd4 8. Nf3 Qxd1+ 9. Kxd1 N8c6 10. a3 0-0-0+ 11. Bd2 Nd5 12. Ke2 e6 13. Rad1 Bc5 14. Rhe1 Rd7 15. Ne4 Nd4+ 16. Nxd4 Bxd4 17. c3 Be5 18. Kf3 f6 19. g3 Rhd8 20. Ke2 Bd6 21. f4 Nb6 22. b4 Nc4 23. a4 Nb2 24. Ra1 Bxb4 25. cxb4 f5 26. Nd6+ Rxd6 27. Bc3 g6 28. Kf1 Nd3 29. Re2 Rc6 30. Be1 Nc1 31. b5 Nxe2 32. bxc6 Nd4 33. cxb7+ Kxb7 34. Rb1+ Kc6 35. Bf2 Nf3 36. Kg2 Nd2 37. Rc1+ Kd7 38. Rd1 Ke7 39. Bc5+ Ke8 40. Bxa7 Ne4 41. Rc1 Rd2+ 42. Kg1 Rd7 43. a5 Kd8 44. Be3 Rd6 45. Rb1 c5 46. Rb7 Rd7 47. Rb6 c4 48. Rxe6 c3 49. Rc6 Rd5 1/2-1/2

[Event "Moscow Time of the First U13 Girls"]
[Site "Moscow"]
[Date "2019.06.18"]
[Round "2"]
[White "Lavrova, Ulyana"]
[Black "Gurgenidze, Aleksandra"]
[Result "0-1"]
[WhiteElo "1118"]
[BlackElo "1367"]
[PlyCount "98"]
[EventDate "2019.06.17"]
[EventType "swiss"]
[EventRounds "9"]
[EventCountry "RUS"]
[SourceTitle "EXT 2021"]
[Source "ChessBase"]
[SourceDate "2020.10.23"]
[SourceVersion "1"]
[SourceVersionDate "2020.10.23"]
[SourceQuality "1"]

1. e4 e5 2. Nf3 d6 3. d4 exd4 4. Nxd4 Nf6 5. Nc3 Be7 6. Bc4 0-0 7. Bf4 Nxe4 8. Nxe4 d5 9. Bd3 dxe4 10. Bxe4 Re8 11. Qd3 Bb4+ 12. c3 Bxc3+ 13. bxc3 f5 14. 0-0 Rxe4 15. Qc4+ Be6 16. Qb5 Bd5 17. Bxc7 Qxc7 18. Qxd5+ Qf7 19. Qd8+ Re8 20. Qg5 g6 21. h4 h5 22. Rfe1 Nd7 23. Nb5 Rxe1+ 24. Rxe1 Re8 25. Rxe8+ Qxe8 26. Kf1 Nf8 27. Nd6 Qe6 28. Qd2 b6 29. a4 Qd7 30. Qd5+ Ne6 31. Ke2 Kh7 32. g3 Qe7 33. Kf3 Nc7 34. Qd3 Qd7 35. Ke3 Qxa4 36. Nc4 Qc6 37. f3 Nd5+ 38. Kd2 Qc5 39. Ne3 Nxe3 40. Qxe3 Qxe3+ 41. Kxe3 a5 42. Kd4 b5 43. c4 bxc4 44. Kxc4 Kg7 45. Kb5 a4 46. Kxa4 Kf6 47. Kb4 Ke5 48. Kc5 f4 49. gxf4+ Kxf4 0-1